| 000 | 00375nam a2200157Ia 4500 | ||
|---|---|---|---|
| 005 | 20250423094501.0 | ||
| 008 | 250422s9999 xx 000 0 und d | ||
| 020 | _a9781555630010 | ||
| 050 | _aTN 871.2 .A67/ | ||
| 100 | _aBourgoyne, Adam T. | ||
| 245 | 0 | _aApplied drilling engineering | |
| 260 | _c1986 | ||
| 300 | _a502 p | ||
| 650 | _aOil well drilling. | ||
| 942 | _cBK | ||
| 999 |
_c27370 _d27370 |
||